| 000 | 00672nam a2200217 4500 | ||
|---|---|---|---|
| 999 |
_c15278 _d15278 |
||
| 003 | AR-CdUCM | ||
| 008 | 190426b ||||| |||| 00| 0 spa d | ||
| 020 | _a968-29-1171-0 | ||
| 040 |
_aMUNICIPALIDAD PROVINCIAL DEL CUSCO _cBIBLIOTECA MUNICIPAL DEL CUSCO |
||
| 082 |
_aES / 808 / _bM36 |
||
| 100 |
_aMedero, Marines _927200 |
||
| 245 | _aAl otro lado de la puerta / | ||
| 260 |
_aMexico : _bLibros del rincon sep, _c1986. |
||
| 300 |
_a52 paginas ; _bIlustraciones, graficos, dibujos _c24 cm. |
||
| 500 | _aCuentoa para niƱos | ||
| 650 |
_aCuentos _9312 |
||
| 650 |
_aHistoria _9136 |
||
| 650 |
_aLiteratura _983 |
||
| 942 |
_2ddc _cLIBROS |
||
| 945 |
_apjha _d2019-04-26 |
||